ბათუმის შოთა რუსთაველის სახელმწიფო უნივერსიტეტის ბიბლიოთეკა

ომარ ხაიამი : (ბიბ.ჩანაწერი № 48585)

000 -ლიდერი
ფიქსირებული სიგრძის საკონტროლო ველი 01332nam a2200277Ia 4500
001 - საკონტროლო ნომერი
საკონტროლო ველი 15484
003 - საკონტროლო ნომრის იდენტიფიკატორი
საკონტროლო ველი GE_BSU
005 - ბოლო ოპერაციის თარიღი და დრო
საკონტროლო ველი 20241127161111.0
008 - ფიქსირებული სიგრძის მონაცემთა ელემენტები - ზოგადი ინფორმაცია
ფიქსირებული სიგრძის საკონტროლო ველი 181216s2015||||ge |||||||||||||| ||geo||
040 ## - კატალოგიზაციის წყარო
Transcribing agency GE_BSU
041 ## - ენის კოდი
Language code of text/sound track or separate title geo
080 ## - უნივერსალური ათობითი კლასიფიკაციის ინდექსი
Universal Decimal Classification number 51+52+1+821.222.1.09 მ-43
100 ## - მთავარი ჩანაწერი - პიროვნების სახელი
Personal name მახარაძე, შოთა
9 (RLIN) 2482
245 ## - ცნობა სათაურის შესახებ
Title ომარ ხაიამი :
Remainder of title მათემატიკოსი, ასტრონომი, ფილოსოფოსი და პოეტი /
Statement of responsibility, etc შოთა მახარაძე ; რედაქტორი ემენ დავითაძე.
264 ## - წარმოების, გამოცემის, დისტრიბუციის და სხვა ცნობები
გამოცემის, წარმოების, დისტრიბუციის... ადგილი თბილისი :
გამოცემის, წარმოების, დისტრიბუციის... სახელწოდება ივერიონი,
გამოცემის, წარმოების, დისტრიბუციის... თარიღი 2015.
300 ## - ფიზიკური აღწერა
Extent 314 გვ. :
Other physical details ილ. ;
Dimensions 20,5 სმ
500 ## - ზოგადი შენიშვნა
General note წიგნს ახლავს მინაწერი. F 131.989/3
500 ## - ზოგადი შენიშვნა
General note შენიშვნები და კომენტარები : გვ. 243-290
504 ## - BIBLIOGRAPHY, ETC. NOTE
Bibliography, etc ბიბლიოგრაფია : გვ. 304-314
653 ## - INDEX TERM--UNCONTROLLED
Uncontrolled term ასტრონომი
653 ## - INDEX TERM--UNCONTROLLED
Uncontrolled term ფილოსოფოსი და პოეტი
653 ## - INDEX TERM--UNCONTROLLED
Uncontrolled term ომარ ხაიამი
653 ## - INDEX TERM--UNCONTROLLED
Uncontrolled term მათემატიკოსი
700 ## - ADDED ENTRY--PERSONAL NAME
Personal name დავითაძე, ემენ
Relator term რედაქტორი
9 (RLIN) 3500
942 ## - ADDED ENTRY ELEMENTS (KOHA)
Koha item type წიგნი
Source of classification or shelving scheme
ეგზემპლარები
ჩამოწერის სტატუსი დაკარგული ეგზემპლარის სტატუსი კლასიფიკაციის წყარო ან თაროზე გაწყობის სქემა დაზიანების სტატუსი არ გაიცემა მუდმივი მდებარეობა (დაცვის ადგილი) ამჟამინდელი ადგილსამყოფელი თაროზე განთავსების ადგილი შეძენის თარიღი სრული შენახვის შიფრი შტრიხკოდი ბოლო ოპერაციის თარიღი ეგზემპლარის მიმდევრობითი ნომერი (კეტერი?) ფასის ძალაში შესვლის თარიღი ეგზემპლარის სახეობა
          ბათუმის შოთა რუსთაველის სახელმწიფო უნივერსიტეტის მთავარი ბიბლიოთეკა ბათუმის შოთა რუსთაველის სახელმწიფო უნივერსიტეტის მთავარი ბიბლიოთეკა წიგნსაცავი 2018-12-17 51+52+1+821.222.1.09 მ-43 27471 2018-12-17 27471 2018-12-17 წიგნი
          ბათუმის შოთა რუსთაველის სახელმწიფო უნივერსიტეტის მთავარი ბიბლიოთეკა ბათუმის შოთა რუსთაველის სახელმწიფო უნივერსიტეტის მთავარი ბიბლიოთეკა წიგნსაცავი 2018-12-17 51+52+1+821.222.1.09 მ-43 27472 2018-12-17 27472 2018-12-17 წიგნი
          ბათუმის შოთა რუსთაველის სახელმწიფო უნივერსიტეტის მთავარი ბიბლიოთეკა ბათუმის შოთა რუსთაველის სახელმწიფო უნივერსიტეტის მთავარი ბიბლიოთეკა წიგნსაცავი 2018-12-17 51+52+1+821.222.1.09 მ-43 27473 2018-12-17 27473 2018-12-17 წიგნი